000 00523nam a2200157 i 4500
001 39757
003 ES-MaACL
005 20230906160056.0
007 t|
008 030304s1971 sp ||||1| spa d
100 1 _aCantarero del Castillo, Manuel.
_934629
245 1 0 _aTragedia del socialismo español
_b: (un estudio de los procesos socialistas en España) /
_cManuel Cantarero del Castillo.
260 _a[Barcelona] :
_bDopesa,
_c[1971]
300 _a295 p., 16 lám. ;
_c22 cm.
852 _aES-MaACL
_jC-46821
_bR.77454
999 _c39757
_d39757